000 00504nam a2200181Ia 4500
003 OSt
005 20260326151315.0
008 211028s2009 xx 000 0 und d
040 _cAIMIT LIBRARY
041 _aeng
082 _a658.8 FERA
100 _aFerrao, Avinash Maurice;Girish M.
_g716006
_96043
245 _aAn evaluation of the market penetration of sri Ganesh shipping agency /
260 _bGirish M
_c2009
600 _aMarketing
_96044
650 _aMarketing
_96045
942 _2ddc
_cPRO
999 _c218106
_d218106